SCH: Dans quel son? Version ultime - Statistiques

Statistiques générales
  • Ce quiz a été pris 385 fois
  • Le résultat moyen est 4 sur 10
Statistiques - réponses
Paroles Titres % Correct
J'sais qu'ils prieront leur Dieu quand j'vais plonger leur tête dans ma cuvette A7
100%
Papa m'reniera jamais : j'suis ni flic, ni pédé A7
100%
Et si tu m'as menti en m'regardant dans les yeux, tu m'as déjà trahi, tu mérites une bastos Actes
100%
Ça pue les drames comme à Rio, une arme sous un lit Alléluia
100%
Wesh alors, ma race, tranquille ou quoi ? Bande organisée
100%
J'étais sans réponse et puis le sang qui glisse sur mon visage. C'est qu'le mal est fait mais ça m'a pas aidé d'écouter ma rage Bénéfice
100%
Noir sur blanc dans les faits divers. J'la fait planer sans lean Cannelloni
100%
Vérif' et quoi ? j'finis mon pétard, allez vous faire foutre Crois-moi
100%
Amis pris pour que nous le restions, bad en gestion des émotions C'est pas la question mais tu réponds aux questions par des questions Deux mille
100%
Les lettres mentent, tasse-pé, pas les chiffres.On connaît, la porte de ton block. Le respect s'perd, ouais, pas les gifles Dix neuf
100%
Si la violence a des fils. J'suis certain d'être leur oncle, j'suis dehors quand tu ronfles Et tous les vices qu'on a pu mettre en œuvre pour faire des euros Every day
100%
La CR est chargée, deux-trois potos vont pas passer l'été. État d'ébriété, j'm'adresse aux cieux comme si Dieu m'entendait Interlude
100%
J'crois plus en l'homme, il est si faux, j'croise que des tes-traî déguisés. Tu rentres à tes risques et périls, tu tombes sur des mecs qui tapent fort, tu repars tê-té dévissée Interlude
100%
Le goût du chiffre et le goût du risque, j'vieillis, j'ai encore le goût du shit King
100%
Quand l'heure finira par sonner, il fera nuit. Les traces de sang giseront encore, sur mon visage et mes mains. Quand je retomberai, il fera nuit La nuit
100%
Viser la lune, un sourire au diable. J'ai commis des fautes et j'ai fait face à l'orage Le code
100%
Sous prométhazine, tout n'est pas plus facile. Si la chance va m'sourire, j'veux pas tellement l'savoir Le code
100%
On baise déjà, donc on sèche S.V.T, poli mais pour toi, j'ai pas "d'S.V.P". Combien d'fois j'suis rentré pété ? J'vais pas t'faire un dessin d'c'qu'on était Les années de plomb
100%
Skuh, mec, on est trois dans la BM' MAC 11
100%
Demain, les bleus pètent la porte vers six AM. Demain, j's'rai mieux, ou après-demain Mafia
100%
7.6.2 qui troue l'acoustique, maléfice dans un hall noir. Équipé comme tous les moustiques, j'ai des métaux qu'on peut pas mettre dans les clips Magnum
100%
Un Glock dans la boite à gants, garé sur une place livrette À la naissance, c'est la mort qui attend, en s'tenant au d'ssus d'nos têtes Mayday
100%
Capuché dans le Macan, fuck aux 3 chauves dans la Mégane. On arrive, ça fait vacarme, ligne complète, 4x4 et cabre Mode akimbo
100%
J'me r'garde plus dans les yeux, comme si c'était ma faute, tu connais quoi d'ma vie, d'puis qu't'en es sorti ? J'parle aux étoiles du Rooftop, il va manquer du temps, mes potes qu'étaient d'dans sont toujours pas sortis Nino Brown
100%
J'suis venu, j'ai vu, j'ai ué-t, là, j'rappe en peignoir, mon bigo qui fait : "Brr, brr", j'rappellerai plus tard Nino Brown
100%
Un reuf a pris quinze années aux assises. T'as l'choix, jugé par douze ou porté par six Otto
100%
Et fais-toi du souci si c'est moi qui tiens la bouteille. Mes douleurs dans la vo'-vo', souvent mauvais karma. Mais ça roule pas en Volvo, ça vend que la pasta Parano
100%
Dans tes yeux, j'ai vu la flamme, j'fais un disque et je l'éteins. Elle sait qu'on finit dans l'sang, j'lui fais des bisous pour la rassurer. La rue, j'ai une vue d'ensemble, elle sait qu'on y a tous un intérêt Pharmacie
100%
J'transpire, j'dors mal, mon sang fait des bulles, j'pense au pire. Ça conspire ? C'est normal, j'en ai trois en platine, ça les fait cuire Poupée russe
100%
J'étais jeune et naïf, j'avais pas un rond, ils sont déjà partis ceux qui m'ont trahi. J'suis jeune et aimé, riche à foison, toi, t'es une racli, célèbre et haïe Prêt a partir
100%
Elle veut savoir où j'suis et j'fais quoi, c'est un OPJ ou quoi ? Quoi
100%
Tu veux jouer les hommes, p'tite fiotte ? Commence déjà par relever la cuvette quand tu vas aux chiottes, p'tit con Interlude
88%
On travaille le jour et la nuit, tu penses encore à t'lever tôt. Une rixe, un stylo dans l'oreille et t'entends plus en stéréo R.A.C
88%
Une rue sombre où j'sais qu'tu m'as pas vu, j'attends qu'passe le dernier bus, j'te quille et j'prends pas du malus Ivresse & Hennessy
86%
Et t'faire mourir, j'ai 10 000 façons, là, c'est la moisson. On va t'ligoter comme un saucisson Otto
86%
Ma grand-mère a allumé tant d'cierges, si on les groupait en une seule flamme, elle f'rait trente mètres Stigmates
86%
Sans sortir une somme, on sait parler aux femmes. Sans sortir une lame, flingue au bout du crâne, on sait parler aux hommes A7
83%
T'as un vieux réseau, tes guetteurs ne crient pas, ton p'tit passe son produit, il fait des trous en plus Facile
83%
On finit sur une île au large, loin d'eux, nous deux, bah ouais, j't'emmène Je la connais
83%
On perd un proche d'une balle ou d'une maladie, les murs me parlent de c'que t'as dit hier, devant trois gadjis American Airlines
80%
Ils vont manger des pommes au Paradis, du sang tombe sur mon parapluie. On t'croise encore, on t'monte en l'air, plaire à tout l'monde, ça sert à tchi Cervelle
80%
Assis sur un mur, vois l'avenir bloqué dans l'obscur, Euro dans la mire Champs Élysées
80%
Bonne drogue, vrais hommes, pas stoppés par l'épuisement. On a d'l'argent et mes potos sont plus stoppés par leurs pigments Champs Élysées
80%
Et le plus souvent, j'sauve les meubles, p't-être elle est seule sans moi, p't-être elle est mieux Interlude - Jour d'octobre
80%
La lune éclairait encore le mimosa fleuri du jardin. Les arbres et l'4x4 du voisin. Il était trois heures du matin La nuit
80%
J'ai pas vu père fermer les paupières, tête dans l'guidon c'était le frigo Loup noir
80%
J'ai rendu fou madre en vrai de vrai, j'l'ai rendue fière en vrai de vrai, j'suis vrai de vrai avec les miens, en vrai de vrai Marché noir
80%
Y a ceux qui sont pour, y a ceux qui sont contre mais ceux qui sont contre : ils savent que le doigt, j'l'ai mis. Cruel comme Bruel Millions
80%
Ta pute m'appelle "mi corazon", ouais. Suce-moi avec des glaçons, ouais. On fait peur à la nation, j'ai mon gang en formation comme un franc-maçon Paye
80%
Avec les bétonneurs, avec les nettoyeurs, j'peux faire signer ton heure. Les go et les donneurs, tu connais cette odeur, tu m'joues les étonnés. Fais pas d'bruit, va, toutou Cervelle
78%
Tout pour la pièce, tout pour l'oseille du rrain-te. Pour monter; j'me suis planté; maintes et maintes fois Ah gars
75%
Vu l'espoir qu'j'y ai mis, vu les jeunes qu'on était, trouve ça bien qu'on s'en sorte Anarchie
75%
Et qu'on m'crame dans l'centre-ville, si un jour, j't'ai oublié Anarchie
75%
Lien du sang, j'vais lui écrire un poème, stratège, on fait tomber la neige. Marseille, J.V.L.I.V.S, Wahran, j'fume un Havane. J'ai déjà mis à l'abri mater, si j'paie du Hermès à madame Crack
75%
Trempé dans l'sale, t'as des faiblesses, faut qu'personne les ressente. Au fond d'la succursale, assiégés à une table, dressons l'état des ventes Gomorra
75%
D'puis t'à l'heure, j't'entends parler, qu'est-c'qu'y a ? Ivresse & Hennessy
75%
Vaut mieux qu'j'pleure dans ce bolide allemand, que j'pleure dans ces taudis maudits La pluie
75%
Tu veux tuer un Homme ? Prends du 'sky et des faux espoirs Loup noir
75%
Un gosse qui s'pointe avec ta one, on sème la discorde ou l'dawa Mirroirs
75%
Chapeau melon comme Al Capone, j'prends pas le melon comme tous mes khos Prequel
75%
J'ai la tête qui s'colle à l'appuie-tête, Sex Pistols, voilà les crooks Prequel
75%
Des crosses qui s'écrasent dans les fronts, j'ai mûri dans la furie. Bras long, bras long, bras long jusqu'au fion, mes reufs aux Baumettes mangent des McFlurry Ivresse & Hennessy
71%
Ces putos sont tombés sur un os, moi, j'veux rien d'eux, juste nettoyer l'game au Napalm, j'suis juste venu niquer des mères J'reviens de loin
71%
En 2019 j'suis à moins quarante-neuf, rien d'neuf, ça peut pas être pire qu'autre chose les hommes aux yeux noirs
71%
Tout ce Ruinart coule à flots, j'ai remonté les faux comme si j'avais la vision divine Stigmates
71%
Elle veut qu'j'l'emmène en balade chez Dolce Gabbana. La nuit, j'suis sous Havana Corrida
70%
Elle m'aime d'un amour immortel que la vie à la mort ne tue pas. J'ai laissé son cœur en bordel, j'espère que le désordre la tue pas 02:00
67%
J'reviendrai p't-être au quartier, fou comme Gennaro 02:00
67%
Ouais, rien qu'on veut toujours plus. Pas b'soin d'être à dix, à qui tu fais le 'siste ? Tain-p', avec ta Ferragamo des puces 6.45i
67%
J't'aime avec le cœur et l'estomac, j'ai des fleurs pour ta madre. Si j'suis l'seul encore en bas, j'ai du cash pour les mandats Actes
67%
Nine vert, tain-p', couleur camouflage, dehors, c'est Battlefield. Y’a plus d'or dans la chapelle Sixtine, qu'à San Juan en Argentine Allez leur dire
67%
Tu veux m'faire le chaud ? Tu vas voir la claque, tu veux faire la course ? Tu vas voir qu'la plaque Autobahn
67%
Tu remets tout sur l'œil à chaque fois qu'il s'passe un ce-tru, c'est jamais ta faute Batterie vide
67%
J'voulais juste me rendormir un peu quand mon réveil sonnait Bénéfice
67%
Cheveux blancs, doigts jaunis, papa veut red'venir un gamin. J'suis célèbre à Milan, j'ai pas d'mandé ton nom, j'ai demandé "Combien ?" Cartine Cartier
67%
Ils sont v'nus jouer les chauds ici, ils sont r'partis méconnaissables. On prend la route après trois 'teilles, chez moi, personne connait Sam Cervelle
67%
Quand j't’ai trouvé jolie, c’était déjà trop tard, t’étais ma propriété, mon amour, j'tue ces connards Ciel rouge
67%
J'suis un rat, j'meurs avec les rats, ouais, tous mes scélérats Comme si
67%
Son cul passe pas la portière, il faut une nouvelle bagnole. En vrai, rien qu'on rigole pas, j'suis ton p'tit et ton tron-pa Comme si
67%
La Canebière défile sous mes yeux dans le tramway, maman vend ses bijoux chez la tante Deux mille
67%
J'tire et les balles traversent, j'suis l'odeur et l'bruit. Viens on cause en privé, quand y'a des gens autour, rien qu'tu cries Ivresse & Hennessy
67%
J'vois tes formes, tu tiens les rênes et t'aimes serrer fort, pas brasser l'air Je la connais
67%
J'te vois tout l'temps dans l'ciel bleu, j'sais qu't'en rêvais dans c'putain d'lit. J'crois qu'mon cœur est juste plein d'bleus, j'crois qu'j'vais pas dormir de la nuit J't'en prie
67%
Tu parles de moi, moi, j'te souhaite, juste de pas être au mauvais endroit, au mauvais moment. Sky' dans un mug, j'ai déjeuné, liasse bien trop grosse pour entrer dans la poche Morpheus
67%
Imposteur part à Phuket, au poignet, t'as R, deux jours après, t'as la Audemars, à deux cent eu', viens pas m'la faire, ouais R.A.C
67%
Ces hommes ne m'inspirent que le mal, j'vois pas comment j'pourrais les vénérer. J'regarde la caisse accidentée pourtant, j'avais l'temps d'décélérer Tant pis
67%
Les couilles, la condition, l'époque et l'ambition, j'suis seul sur l'addition Y'a ton équipe qui cotise ou t'as mis tes millions ? Tokarev
67%
Récompensez-moi si j'en ai les vertus, délaissez-moi si j'vous ai déçu et parlez-moi de c'que j'ai jamais su Comme avant
63%
Faut qu'on quitte la France à l'aise, ai-je raison d'gérer ça ? John Lennon
63%
L'OPJ m'arrête, j'ai un pétard sous l'siège, il veut qu'la photo pour son neveu Donc j'fais la photo, j'remonte dans l'auto, tranquille 6.45i
60%
Tu veux un tarot sur la blanche ? Personne t’arrange. Nous, on a ramassé ta go dans l’Viano On sait c’qui passe de ta poche à ma sacoche Baden Baden
60%
Ne m'laissez pas voir le printemps si c'est pour mourir en été, nan. J'peux pas vivre avec, j'peux pas vivre sans, la rue la mienne, au fond, c'est qu'elle fait pas d'innocents Ciel rouge
60%
J'tourne en rond comme une peine à deux chiffres, qu'attend pour son appel aux assiettes. Mes chaussures brillent comme une boule à facette Cigarette
60%
Tu fais une R, c'est pas la peine, Chatterton et j'colle deux chargeurs Y a plus d'âme et y a plus de cœur, 607 comme le GIGN Crack
60%
Tant pis pour l'reste, j'ai pas tourné ma veste, tu t'es sentie seule dedans Fusil
60%
Faut l'As devant lui qui bluff, Glock dans la sape et les journaux font la promo' Jimmy Twice
60%
Yeux noirs, élevés par des veuves, postiché dans un Macan S. Ma tête et mon cœur font la gueule, donc j'les regarde comme s'ils avaient ma pièce Magot
60%
J'me barre à mille lieux d'la France, ensuite, j'reviens vous mettre de l'essence Multirécidiviste
60%
Hématomes faits à mains nues, les gants qui m'vont à ravir. Tony et Manny, les fausses, les faux amis, les fautes, les gardes à vue Bénéfice
57%
Mélange dans la Vittel, moto, j'vise la tête et l'appuie-tête Mode akimbo
57%
J'suis v'nu par dessous, ouais. Muet, aveugle et sourd, ouais. On sait quand ça parle de sous, ouais, han. On s'croise à Shell ou à Esso, han Paye
56%
La nuit, j'me réveille en nage sûrement noyé par mes torts, noyé par mes remords, ou l'argent que j'ai à blanchir Allo maman
55%
On refuse jamais un tête', j'ai perdu des chicots; J'ai explosé mon nez, les arcades et plein de sang dans l’œil Ah gars
50%
Un Mondéo, l'civil a des locks, lettres en grand comme la Century Fox. Du liquide, en physique et en card, on a tout niqué, comme si on v'nait du Bronx Allez leur dire
50%
Heureusement qu'j'ai pas tout fait pour te plaire, c'est hyper dur Allo maman
50%
Maison Baron Rouge, on s'couche tard, on dort mal, on s'réveille sans réveil Anamnèse
50%
À fond dans l'binks, si tu crois qu'on s'contente d'être. J'joue ma vie à la roulette, noyé dans l'Clan Campbell Automatic
50%
Eh, mon pote, moi, j'ai jamais vu l'monde en rose, effrac' les portes fermées au pied d'biche, cinquante dans l'froc Balafres
50%
Le cœur endolori, follow me, moi, j'te follow pas. On a c'qu'on mérite, tout pour la paie, rien pour l'envieux, tout pour mama Ça ira
50%
Ça pèse le fric à la poulie, ça meurt au placard comme Paulie Cannelloni
50%
Ciel rouge et l'océan, j'parle aux oracles et j'm'assois devant. P'tit, j'bois du sky, j'ai la nausée, j'ai power comme Magicien d'Oz, flingue et les ients-cli névrosés Caractère
50%
Nique les autres, gros, le social, c'est pas trop ma came. J'suis avec une iranienne-allemande dans bolide allemand CEO
50%
J'ai d'la haine à revendre, appelez l'hosto ou les bleus, aimer ou haïr ? Le cœur est trop p'tit pour les deux Ciel bleu
50%
Les traces indélébiles sur l'corps me font rappeler l'histoire, regarder madre dans les yeux m'ramène toujours à l'espoir Cœur de môme
50%
On s'tape comme si j'ai eighteen, tu t'fais lyncher, t'es rincé, comment c'est ? Crois-moi
50%
Formula 1, roule comme si plus rien à foutre, j'vais leur prendre autant de billets pourpres que mama souffre Dernière ligne droite
50%
Fuck leurs réseaux sociaux, j'suis bien dans ma zone, dans mon quatre anneaux sport, man Dernière ligne droite
50%
Remplis c'putain d'sac, mon jean's, sent ma bite se dresser et j’attache le directeur, deux sses-fe sur les WC Dernier retrait
50%
Tête pas nette montera sans sac, Rolls-Royce, place Capitole D'hier à aujourd'hui
50%
Cette nuit, j'ai compté : trente-mille en p'tits bleus, vingt-mille en marrons, deux ans d'salaire de keuf Dix neuf
50%
Doute pas de ma came, occupe-toi d'inhaler, doute pas d'moi, bitch, occupe-toi d'avaler D'être pauvre à être riche, y'a qu'un petit espace, plein de messes basses, plein d'enculés Facile
50%
Tu m'attends, tu m'perds, d'puis longtemps, j'le savais, j'ai vu clair Fusil
50%
Le cœur est terne, son apparence brille, costard flow Pavarotti, zéro coups d'clés sur la carrosserie Garcimore
50%
Faut la ferveur, la fever, les hommes aux yeux noirs et c'est l'omerta Garcimore
50%
Surveille ton langage, ne m'parle pas comme si j'tais né hier, lequel dans l'crime est l'meilleur ? Gomorra
50%
J'trempe la plume dans du sulfurique, tête creusée pour les culturistes. J'baise le newcomer et l'puriste Hells Angels
50%
Poignet d'horloger suisse, colérique dans l'classe S. Pointues vernies, semelles rouges au bout d'une laisse, une diablesse Hells Angels
50%
Marseille, autoroute Nord, t'es pas assez vif, le p'tit t'endort Hells Kitchen
50%
J'suis marqué au fer à l'abdomen, moi, j'dois encore réussir, comment j'aurais la flemme Interlude - Jour d'octobre
50%
Courir pour des centimes, j'ai grandi dans l'incendie, sans instinct donc j'pourrais l'sentir. Laisse l'étincelle jaillir avant d'm'éteindre J'attends
50%
J'suis Nagazaki dans l'périple à Chihiro, tasse comme ton papa, les grosses couilles à Ciro John Lennon
50%
Coupe le Seven Up au rhum, oui j'ai la forme pédéraste donc je traîne la concu par le lobe La mallette
50%
Plus tard, j'suis toujours au barrio, toujours en caisse noire, toujours en deuil Le taulier
50%
Boite sept, ma te-tê s'colle à l'appuie-tête, j'bois sec, j'tiens le gobelet, le volant Liquide
50%
Une seule vie n'suffirait pas pour nous dire c'qui nous oppose. Solitaire, dans ma cause : solidaire Lumière blanche
50%
Juste une lettre, tu sais comment j'm'appelles, la créatine, on coupe la mozzarella. J'ai l'essence, la science, la connaissance du truc, vide un chargeur après l'buona sera Mannschaft
50%
D'la sueur et des grammes, des corps sous les draps, tu connais mon hood. J'vais ramener des millions pour sécher ses larmes, si elle a le blues Mannschaft
50%
Un regard, j'perds mes moyens. Prends mon bras qu'on s'en aille. J'ai l'cœur qui brûle comme une balle Météore
50%
J'suis là pour l'prestige comme Moët Hennessy. Ici, on prendrait des piges pour mourir au Tennessee Millions
50%
Si t'es un rate-pi, sur néné, si t'es un rate-pi, tu traînerais dans les parages. J'suis toujours en deuil, justice re-sévira, envoie des mandats, ça ira Mort de rire
50%
Depuis qu'j'ai perdu ta présence, c'est noir, depuis qu'j'ai bu le poison, le plaisir et des passions Multirécidiviste
50%
J'ai pas mis ta sœur en cloque, elle a juste sucé mon zob Neuer
50%
J'connais des tueurs qu'tu trouves adorables. Un ennemi mort, c'est la tranquillité Otto
50%
Yeux tout black, j'reprends ton rrain-té comme l'Antéchrist. Là, c'est plus comme avant, j'sors en pare-balles, fuck un assistant Otto
50%
Trop de micros dans l'appart', ça mène la zipette en Smart. Le shit et la mache, un dans les mœurs comme l'Olympique Parano
50%
J'pose tout, mes armes et mes peurs, j'vais tirer la lune si la nuit t'effraie J'pose tout, mon biff et mes fleurs, j's'rais ton Sun si la pluie s'y met Petit cœur
50%
Nan, les actes après les menaces, les mots d'amour en violence, trop d'choses à voir dans les regards Quartiers nord
50%
Ces pédés m'ont ni aimé, ni aidé, j'vais poser deux tapins au B&B, puto, ici, ça s'fait lever par la BRB R.A.C
50%
On brave le vent, les froids, les pluies et les fonds des marais. On brave les feux, la haine de ceux qui s'sont égarés Raisons
50%
J'leur accorderai pas l'respect même s'ils m'astiquent la Despé, puto. J'suis v'nu pour les pesos, on est mauvais comme les Mossos. C'est tout un terrain, tout un réseau, j'ai des raisons qu'reconnait ma raison Slow mo
50%
J'vais leur souhaiter la santé, ceux qui rêveraient d'me voir flancher. J'ai affronté droit d'puis enfant, on r'garde vers l'écran, on comprend Smile
50%
J'traîne des problèmes d'puis l'CE2, les vrais, les demi-vrais, j'peux pas plaire aux deux. Une vie dans la gloire en vaut deux Solides
50%
J's'rai sur le toit du monde quand viendra la Tramontane. Ma bouteille et mes songes et j'vais rentrer lamentable Tirer un trait
50%
Insultant d'se lever pour mille-deux', tu t'sens pas concerné ? Mille-trois' aussi Trop énorme
50%
J'recherche encore mes limites, gros notables à nos tables les tes-trai nous évitent VNTM
50%
J'connais tous les blases des truffes qu'ont temeniké, j'sais qu'ils vont revenir comme si rien n'était. Tu nous connais, mieux vaut qu'on discute, personne va racketter S VNTM
50%
J'te pardonne pas, j'suis pas l'bon Dieu, t'es arrogant et prétentieux J'fais des euros et des envieux, mec Zone à danger
50%
Mon doigt : les keufs et l'instit', j'ai pas mon bac, j'ai shité. J'me suis fait lamé dans l'ventre, j'étais censé être au lycée Ah gars
43%
Une taupe lynchée, lestée et noyée, t'es en surface et nous, dans l'noyau dur. Autrement dit, t'es le premier pion à tomber si l'conflit s'installe et perdure All eyes on me
43%
Respectueux des coutumes, quand c'est foutu œil pour œil, chicot pour chicot Batterie vide
43%
Cent trente-six diamants aux oreilles, y a qu'mon sang dans les rues et au CHU Mort de rire
43%
J'tire les ficelles du marionnettiste, j'aurais tué pour pas voir maman triste; Compte le liquide dans la succursale, on t'fait du sale Pas la paix
43%
Addicts à la vitesse, on meurt avant la vieillesse, on fait des menaces en promesses qu'on met à exécution Tempête
43%
Bien sûr qu'j'ai changé, regarde c'que j'ai sous l'anorak, qu'est-ce qu'ils ont à m'faire la morale ? Adorable
40%
J'ai perdu l'sommeil, qu'est-c'qu'on aurait pas fait pour l'respect ? Jeune, j'aurais dû avoir peur d'percer mais bon, hier, j'disais : "J'ai peur d'personne" All eyes on me
40%
Cristalline pleine de Cîroc, les jeunes prennent la coke et visent la te-té Anarchie
40%
Fiston, méfie-toi des potos, t'sais les potos, ça va, ça vient. Surtout, quand y a l'fric au milieu, tu verras à combien ça tient Ça ira
40%
Mes pompes sont cirées comme les grands messieurs, j'fais plus peur aux touristes Cannelloni
40%
Quelques baisers volés, j'ai plus ton reflet dans l'eau. Mais qui connait mes problèmes quand j'ai fait comme si j'allais bien ? Ciel rouge
40%
Cramé dans l'binks, tu mets combien ? Si je mets dix, j'en prends un max. Si je les vise, y a du sang dans l'bain mais j'ai vu pire, que des reufs qui portent flingues et des sbires Euro
40%
J'suis au tiek et l'tiek est miné. Yeux dans les yeux, tu nous connais. Me donne pas ton cœur, j'vais l'abimer Frime
40%
Numéro dix-neuf, tu m'croises en ville et tu la ramènes moins qu'sur le web. J'ai ton adresse sauvegardée dans mon Waze, tu la ramènes moins sur nous, ouais Hier
40%
Bras armés, des cheveux blancs, tout au fond du bar, faut un hippodrome dans le moteur. Crapules et bandits notoires, truands, pyromanes et tueurs Les derniers marioles
40%
Pas d'sucre dans mon Expresso , ils ont retrouvé des cagoules dans un Express Neuer
40%
Non, non, rien d'conflictuel, pour m'endormir, j'compte les suceurs de bite. J'suis pas v'nu pour le titre, on l'a déjà, tain-p', j'étais v'nu pour être libre Pas la paix
40%
Degré Celsius, niveau négatif, j'suis dans l'versus, fric et sédatifs Quartiers nord
40%
Enfoiré, j'oublie pas d'où j'suis ni d'où j'viens, enfoiré, n'oublie pas de qui j'tiens enfoiré, j'suis mon re-p', enfoiré Raisons
40%
Collé à mes potos comme Stich et Lilo, j'suis Néo, Morpheo, vends d'la cocaïne Gedeon
38%
J'en ai une grande aménagée, plus la kitch, ma tasse-pé prend pas le Heetch, Panamera MAC 11
38%
J'trouve pas qu'on est maudits, 10K dans un Blue Jean. Ça dit : "Donne-moi la caisse", cagoulés dans la boutique 9113
33%
Pronostic vital engagé quand ça s'arrête de goumé, trois fois la mi-f' quand on a coupé, j't'entends parler comme si tu as tout fait, ah Assoces
33%
On tue, pour nos mères on est des anges, pour eux on est des diables. Tracker sous la caisse, j'connais le manège, billets bleus, billets rouges, gyrophare dans la tess Assoces
33%
La diff', elle est simple, ils m'voient au milieu des cendres mais moi, j'ai vu le feu, bâtard ! Beaux-Arts
33%
Musique artisanale, écrite avec les tripes, sujet aux mêmes douleurs que quand j'attendais l'drip Calabre
33%
Une caisse arrosée au sans-plomb qui brûle pas loin du tribunal Calabre
33%
T'aurais pas pensé qu'on s'rait venu, là, on revient sûrement bientôt. 'Teilles au sol pour potos partis, rentre au birthday avec des métaux Cartine Cartier
33%
J'veux ton r'gard, t'es louche sous tes lunettes, fais nous voir tes yeux Comme si
33%
Un keuss, ça rend pas les coups, une cible, ça rend pas les balles. Violence et patience, ma boîte à gants : mon assurance Facile
33%
Fou du volant, du guidon et quelques contacts albanais. Boîte à gants, RS3, 11.43, Marseille, calibré, mal garé Fantôme
33%
J'emmène mama faire les boutiques, c'est ma meilleure amie, c'est mon public On suit ni la raison, ni la logique, quand vital est l'pronostic Fournaise
33%
Cœur ouvert seulement pour toi, vie rapide, rarement courtois Gris
33%
T'es toujours cul entre deux chaises, j'suis très bien assis dans ma Benz. Le plan A nécessite le B , cagoulé automne, été Haut standing
33%
Au lycée, ça vend dans l'casier, que la frappe, c'est Marseille, bébé. Quatorze, quinzième arrondissement, mon fric sent bon l'assouplissant Haut standing
33%
Une éclipse, j'parle au Sun, tu parles mal, j'ai trop le seum. Vingt-deux heures, j'tringle une actrice, tes mes-ar sont toutes factices HS
33%
Six cent mille albums vendus, j'ai payé mes dettes, six cent mille albums vendus, j'peux payer ces 'teilles Incompris
33%
Cinq ans plein, t'as pris un coup, t'es plus le même que quand tu tombes. Ta liberté sous les grilles, tu sors, tu retournes à ses bras J't'en prie
33%
Astique, astique et j'te paye un bonnet d'plus en plastique La danse des bandits
33%
Ils ont fait rêver du million à des gens qui n'ont rien, moi, j'suis né dans ce merdier les hommes aux yeux noirs
33%
Moi, j'ai vu la pharmacie devenir un hazi, j'ai vu des politiques aux airs de nazi les hommes aux yeux noirs
33%
Énumérer c'que j'y ai laissé, prendre un maximum pour papa. Comme si j'allais le faire renaître d'entre les morts comme un Dieu grec Loup noir
33%
Maintenant, tu sais c'est quoi l'goût du plomb, j'lui parle d'amour, les doigts dans la bouche Magnum
33%
L'attaque comme la défense, un coup d'poker nous rendra riche, mes espèces sentent le Vanish, on paye la caution en haschich Marché noir
33%
J'vais pas cibler les 13-17, c'est l'S19, enfoiré, tu m'connais, j'rends ta go distraite Marginaux
33%
Vie dure, père et mère perdent foi, biture, j'oublie ressers-moi, ouais ouais Massimo
33%
À peine arrivé à la quinzaine, j'ai posé ma main sur ce .45 Mirroirs
33%
Ma mère, j'ai mal à la tête, madame, j'ai mal au corazón comme si l'cœur a des dettes Missiles
33%
Fous la coke dans son bocal quand l'eau va frémir. On a ramassé ta gow, quand t'es parti vomir Mort de rire
33%
Je n’tiens qu’à maman, qu’à mon calibre, elle a déjà d'vraies dettes. Le shit rassasie les carences et ça rend fou, y a pas d’bouton reset Où sont les €
33%
J's'rais ton prince, si t'es Cendrillon, j'rêvais de c'que j'suis depuis minot. J'vais m'taire pour t'mettre à l'abri, cachons-nous pour vivre notre vie à l'abri Petit cœur
33%
On est déjà adultes vers treize, ici, treize, ici. On tire, y a la précision, puta, c'est l'13 ici Plus rien a se dire
33%
Mon glock et tu danses la macarena. Pure est la cocaïne, bébé je suis rentable Secteur
33%
Tant qu'elle m'aime et m'rend marteau. Pardon, j’t'ai dans la peau. On n'a pas grandi dans la norme Skydweller
33%
J'aurais crevé les pneus des potos morts au volant, j'aurais brûlé les motos des potos qu'ont pris trop d'angles Tempête
33%
Des mots, des ennuis, y en a assez, on dirait qu't'en as jamais assez. Échange de regards glacés, j'n'ai que des remarques déplacées Tirer un trait
33%
La pasta qui t'fait craquer l’œil, j'pense oseille depuis l'éveil. Marseille, sens de l'accueil, puto, Marseille, sens des affaires Valise
33%
Ferme-la c'est tout, t'es un pussy boy, j'ai ce genre de cornes comme Hellboy. Ils font les chauds qu'sur la Game Boy X2
33%
Viens, on choisit pas cette vie, viens, on s'barre autre part, viens, on regarde plus les prix comme si on avait des milliards King
30%
T'es avec moi ou contre moi ? Un enculé qui tombe sur un os, c'est un enculé qui est tombé sur moi Ciment
29%
T'sais qu'on est méticuleux, j'reste en liberté d'juin à juin. Ta mère, la tchoin, sûr que je t'atteins si j't'ai dans le réticule Coffre fort
29%
J'compte mon bénéf', dans un pays où y a pas de pluie. Tu causes des sommes que t'as rangé, tu fais du cinéma Frime
29%
Cause au manager, moi, j'fais pas du social. Mauvais de nature, viens, on cause en pourcent Suce-moi dans la voiture Innocents
29%
On t'fait des prix, on t'vend la mort, on d'vient les pires enfants à bord Rêves de gosse
29%
Jamais on mendie, on va voler, j'en veux aux grands qui m'ont fait rêver avec leurs cabriolets Rose noir
29%
Rien qui sort d'l'ordinaire, tes p'tits sont endormis. On t'ligote en tortilla, les fantômes t'incendient, ouais Skydweller
29%
Nervosité, parc'qu'on veut l'biff illimité. Après la teille, j'ai liquidé, c'qui m'restait d'humanité Every day
27%
Où sont mes scélérats ? J'suis l'indélébile, y a que des Véléda. J'ai dit qu'j'vais les baiser, là, j'mets que les doigts 6.35
25%
Tu perds ton cœur et ton sourire. Pour guérir, faut attendre, pour être sage, faut grandir Ça ira
25%
La lueur a vu l'jour dans la pénombre, un père a vu l'fils dans les ténèbres Ciel bleu
25%
C'est parti pour aller mieux, ça finit dans l'sang. D'la fumée, du feu, puto mais j'en dis pas trop D'hier à aujourd'hui
25%
J'ai confiance mais j'vais recompter, trop la faim pour renoncer. J'respecte moins l'homme depuis qu'j'ai un chien, regarde-moi bien Fournaise
25%
Rouge et bleu quand y a du décès, du laisser-aller dans la caisse. Y a les bleus dans la tess, y a mon nom dans le dossier Grand bain
25%
Maman s'inquiète mais Maman t'inquiète pas, si j'perds le tête, j'vais revenir au AK-K-K-47 Incompris
25%
Marche funéraire sous un soleil de plomb parce que nous, on meurt jeune comme Lawrence d'Arabie. J'sors mon ID, polices aux frontières me demandent la photo mais derrière, ils veulent pas laisser passer Eddy Incompris
25%
J'ai du temps pour l'ennemi, lui, non. La nuit, j'vois du plomb plein sa poitrine et du sang sur ses petits lui non J'reviens de loin
25%
Rêve de moi quand tu dors, tasse-pé, regarde pas derrière Le doc
25%
La p'tite prie Dieu que je m'en sorte vite et j'ai le même regard que tous mes semblables Lilou Dallas
25%
Et sa mère la morale, des semi-rigides en transit. Une cross qui dépasse de l'anorak, j'avais jamais vu le ciel aussi gris Mafia
25%
Plus vite, c'est plus tard, voie d'gauche, appels de phares, han. Matrix, Matrix et j'me casse à Benidorm Mother Fuck
25%
J'étais R, là à l'enterrement, y aura dix fois plus de fleurs. Si j't'avais pas dans la tête, y aurait deux fois plus de place Paradis
25%
Si j'en étais pas là, j'crois qu'j'les buterais tous et j'quitterais c'putain de monde à l'aube Quand on était mômes
25%
Rien qu'j'compte, j'ai d'la corne aux doigts, pour ouvrir ce coffre, il faut deux clés Quoi
25%
J'ai du biff' comptant dans l'armoire. Non, t'es pas meilleur d'vant la douane J'compte mes péchés de palettes Rien de lavable
25%
Seuls comme si on était dix, dix comme si on était cent, de janvier à décembre Rose noir
25%
Morphée viendra si j'finis l'Hennessy Rose noir
25%
T'sais, un te-traî capuché au phone sur l'trottoir devant l'Starbucks. Minuit en ville, un 530 SX et c'est pas les Daft Punk Tokarev
25%
Des fois, j'insiste, c'est pour ton bien, si tu m'écoutes pas, nique ta grand-mère Reviens pas d'mander des conseils quand tu décides de t'réveiller Zone à danger
25%
Sur ma vie, oh non, on fait pas belhani. Pourquoi devant les gens tu dis que j'suis ton ami ? On t'a jamais vu ici Frime
22%
Beauté, tu fais mal à la tête, as de pique, as de la gâchette Madre mia
22%
Toutes les étoiles dans le ciel, l'univers est si vaste, j'me perds dans sa grandeur J'pense qu'à faire de l'espèce, l'obscur est si vaste, j'me perds dans sa noirceur Raisons
22%
J'ai l'chargeur agrandi, j'ai pas bout-mara, toi, j't'arrache. On r'trouve ton corps sans vie au fond d'un garage, là, devant ton Audi CEO
20%
La couleur du deuil dans les yeux et un peu trop d'stup' dans l'odeur. Coño, j'suis l'interprète et l'auteur Dans la tête
20%
Ton opinion, j'm'en fiche, j'veux un chèque, tes promesses, j'm'en fiche, j'veux un chèque Gucci store et j'm'en branle, j'suis au tiek, casino, table à mise élevée. Euro
20%
J'suis bleu, j'crache la fumée, j'fais des ronds, pédéraste, j'suis carré, la Terre est ronde Gedeon
20%
J'cause aux anges et j'cause au Diable, j'tourne en rond. Métaux lourds comme à Naples, Gennaro Mafia
20%
J'baise la concu' sans la déshabiller, j'continuerai tant qu'j'verrai pas les yeux bleus d'maman briller, j'suis comme dans un scaphandrier Mauvaises idées
20%
Et dehors, c'est la mort, t'y as vieilli, nous, on t'regarde mal même si t'es d'ici Missiles
20%
J'frotte mes paumes entre elles j'attends qu'on me ramène ta peau Murcielago
20%
Si tout l'monde a un prix, ouais, j'achète un peu plus que ton cœur Chaque jour, maman prie tous les ciels, sous la pluie, le fils est près du four Plus rien a se dire
20%
Tu parais sincère quand tu mens, bébé, c'est pas toi non, c'est un tout Quand on était mômes
20%
Chirurgical, si y a une logistique, millionnaire en France, expert en politique Soldi Famiglia
20%
C'est pas la faim, non, c'est la gourmandise qui fait entrer, armé dans un magasin Les masques tombent en vue du bénéfice Tant pis
20%
Finissons de jouer, je n'ai plus l'temps mais tu n'entends pas. Non je dois partir, t'abandonner m'est déjà infernal Temps mort
20%
Y a des vies en jeu, pas la tienne, toi, t'es déjà mort, j'le sais, tasse-pé, moi aussi Trop énorme
20%
A7 est en ro-ro, ma paire aussi Trop énorme
20%
J'rentre en vie, j'rentre plus trop minable, faut la puissance de feu qui troue l'habitacle Beaux-Arts
17%
Fiston, sans piston, j't'la mets profond au fond, autant qu'toi, puto, j'suis pas sauvé. J'm'endors deux putes au bras, purple au bec, toute la nuit, j'ferai des rêves en mauve Ciel
17%
Ouais, ils sont p't-être pleins, comme un régiment, j'vais sortir Titus ils vont revenir en gémissant Massimo
17%
Yves Saint-Laurent tient mon .43, jeune branché dans un 6.3 Gros notable, flow Sinaloa, des postiches et on tire sur toi Niobe
17%
J'y écris depuis p'tit, les voyous dont tu parles, ils ont peur du noir. Le rap, c'est un jeu d'échecs et les fous sont toujours au plus près du roi Pharmacie
17%
Quand les feuilles vont tomber d'l'arbre et qu'l'automne va faire place à l'hiver. Nous, on va s'planter en caisse moi et Le A, positif au salivaire, Slow mo
17%
Ça va faire la une comme cent kilos d'shit. Flow Pavarotti, Rolls Royce garée dans l'parking, "Toc, toc" : c'est un homejacking Spéciale
17%
On prend l'mal à la racine et pas aux branches, réussir, c'est aussi s'retrousser les manches Le monde entier pourrait s'tourner contre nous, tant qu'notre amitié reste forte et étanche Tant pis
17%
Avenue Montaigne et ma vie, c'est Marseille, j'ai tout un gang. Faire les sous, on sait et j'attends plus jamais rien de personne. J'fais comme si j'avais tout à bâtir, j'fais comme si j'allais jamais partir Corrida
14%
Les yeux rivés sur la recette, hustle et recel, des certif', ils ont l'seum mais j'vais t'faire aimer le sel LIF
14%
Cheveux noirs comme le professeur Rogue, la nuit, son rouge à lèvres tache la Vogue Lilou Dallas
14%
J'compte le bénéf', j'sors des ténèbres, vers là, s'il y a un mort, y en a qui célèbrent Offshore
14%
Au début, j'suis parti sans rien et puis, j'suis rev'nu solvable. J'la coupe à la lactose, j'la coupe au bicarbonate. J'ai la même fougue qu'à quatorze mais là, j'dors sur l'47-AK Solitude
14%
Fer à deux-cent, sac rempli d'coupables, j'sais qu'y a pas un putain d'mur qui s'troue pas Extendo
13%
On perd des proches, toutes les gorges sont nouées. J'sors d'en bas, guerre d'intérêt, avec toutes les cagoules du tieks Ma kush
13%
Avant B.O, j'étais moins popu', moins à la mode, sans enterrer des os ou des œufs. Regarde-moi bien dans les yeux Blanc bleu
9%
Il sait où tu crèches, gros, tu s'ras jamais trop riche. Neuf caché sous son lit, elle couche dans la soie Tony
8%
J'suis l'même ou l'même en pire, t'aimer, j'crois qu'j'ai passé l'âge 83K
0%
Avec tout c'qui est devenu normal, des fois, j'sais plus où s'trouve la morale J'crois qu'y a quelque chose en moi de Hennessy 83K
0%
Elle m'attire mais j'peux rien dire, j'suis en postiche, j'étais naïf et niya, là, j'suis en distrib' 83K
0%
Quelques regards me mentent derrière des airs de sincérité, j'dors plus trop d'puis dix piges, mes yeux disent la vérité Adorable
0%
J'ai tous vos p'tits noms dans une blacklist , tout mon p'tit monde dans une grande loge Alléluia
0%
J'suis là d'puis l'time, j't'ai vu t'éteindre, j'ai vu tes cendres dans mon cendar Alléluia
0%
Cagoulé sur les négatifs, du fric et des sédatifs. Amoureux du fer et du feu, j'ai tout mon temps pour le biff Aluminium
0%
Coucou, j'suis v'nu pour ma pièce, mon cœur n'est pas blanc tant qu'mes yeux parlent, comme si j'venais reprendre l'appart' des Apes Aluminium
0%
J'ai encore mes cheveux, sur mon père, c'est un miracle Anamnèse
0%
C'est l'Italie, la Sicile, Piaggio Gilera au fond du bar, jeton d'poker illégal Grosse game, casque intégral, Romanzo, deux sur la bécane. Plusieurs casquettes, soldat, général Assoces
0%
J'fais les boutiques, j'prends que du noir comme un gothique Autobahn
0%
Papa levait les yeux vers l'ciel quand il siphonnait son camtar pour remplir l'Opel. Figlio di puttana, j't'ouvre à l'Opinel Balenciaga
0%
Il s'agit pas d'choisir un camp, vivre, s'nourrir, boire, fumer, tout dans l'excès, tomber, s'relever jusqu'à la chute de trop Blanc bleu
0%
J'suis prêt pour l'Valhalla, p'tit con, je n'crois qu'en ma life, mes flingues et ma liasse Blue Bahamas
0%
Okay mais t’es d’où ? T’es qui ? Moi, j'vois pas d’où tu es qui. J.Lo fait du booty shaking, bouge ça comme dans un clip de Shaggy Blue Bahamas
0%
Perce le coffre à la mèche de six, c'est plus du hip-hop, c'est d'la médecine, découpe comme si j'pose avec une scie Blue Bahamas
0%
Cutter sous la joue des héros, tous mes potos au frais pour l'été. Ma tasse-pé en plein dans son trip, mon tard-pé en plein d'vant ton nez Ça va
0%
Ici, on t'met des tartes, quand tu t'attaques au S, faut désactiver tes notifs Ciment
0%
Treize, tu sais qu'y a du sang sur les manos, une fresque avec le visage d’amis la haut. Une adresse, un sac Adidas remplie d'euros Cœur de môme
0%
Et j'vais dire quoi, moi ? Qu'la vie est belle à un gosse chauve en pédiatrie ? Comme avant
0%
J'suis dans ma Lambo'. Tu vivras pas longtemps dans ma ville. J'deviens parano, j'rode la nuit, ouais, jusqu'à qu'les lumières s'éteignent Comme un dream
0%
Toujours le choix, faire un gros paquet d'love en crossant le dabiste Crois-moi
0%
J'ferais naître les plus belles flammes si l'froid s'amène Crois-moi
0%
Hey, tu suce pour un bon plavon, la bonne, c'est le bon savon. Puta, c’est 1.3, bébé, ma CB n'a pas de plafond Cursus
0%
J'repeins les parois d'un cœur en plomb pour faire un peu semblant. J'vais griffonner cette feuille à 10M avec un Montblanc Dans la tête
0%
J't'ai pas répondu comme si j'savais. T'étais bourré, qu'moi j'étais sobre Day date
0%
J'serais la lune quand reviendra le soir, le feu quand reviendra le froid. J'serais peut-être meilleur qu'hier si t'as foi en moi et en ma foi Diamant
0%
Toutes les couleurs comme un arc-en-ciel, réel OG bon qu'à rassasier tous les clients 47-AK et j'fais des étincelles. Contre un billet d'cinq cents eu', la fille m'a pas dit "non" DLB
0%
Ça pue la mort, fait moi me sentir en vie. La gloire me ment tellement donc j'suis sceptique Essuie tes larmes
0%
Tu sais, c'est nous quand t'entends siffler les balles. Moi, mes enfoirés, tu peux pas nous jouer les parrains. Tu sais, chez nous, ça fait parler les armes Grand bain
0%
Compter combien j'ai donné, me voir mort ceux qui espèrent, je les connais Gris
0%
F-quattro porto, gilet sous la veste, Opinel 12, ça vise sous la fesse, métal sous la veste, kilos sous la presse Hells Kitchen
0%
Le cul sur un mur l'hiver, le printemps, c'était pourrir ou manger l'monde sans vergogne Himalaya
0%
Avant d'redevenir poussière, on meurt à feu doux sans l'sentir Himalaya
0%
On fait pas dans l'teh, on fait la paix, la guerre, j'pose mon verre à terre pour Pietro. Moi, j'ai vu l'alim' devenir une pharmacie, t'y étais jamais, j'y étais trop Hold up
0%
Une cuillère dans l'œil, j'vais les Fetty Wap, j'ai trente-six Kardash', j'rêvais de Betty BoopC'est tellement simple, on y a cru en fait, on s'était pas trompé : trois-mille euros l'fut', tain-p' Hold up
0%
Évasion fiscale, commerce, blanchiment, si j'dois donner l'autre joue, franchement Jimmy Twice
0%
D'puis tit-pe, j'ai pigé. J'vois du haut de la pyramide où ils empilent l'Homme J'reviens de loin
0%
J'y perds mon père mais j’ferai les dates, j'suis c'gosse enchaîné sous les ruines. Une 'teille en ville, j’vais rentrer minable J't'en prie
0%
Quatre capuches, trois feux dans la caisse, le prix de ta pièce revu à la hausse. Le prix du matos revu à la baisse, cœur encore chaud, j'pleure mes morts à la messe Kimono
0%
Puto, le courage mieux que les loves, j'vais pas les ué-t tant qu'mère est en vie. J'laisse pas une pute m'appeler par mon prénom, toujours en vie, j'suis calibré en ville Laisse-les
0%
J'ai trop les idées claires, j'crois qu'j'ai des idées d'trop. Au resto, ça sent l'tabasco, les paradis fiscaux La paresse
0%
Ce soir, le phare n'appelle plus le large, ce soir, la peine n'a même plus de larmes La pluie
0%
Plongé dans ce rhum, l'esprit manque de RAM, si j'dois faire un choix entre chaire et titane. Faut qu'j'mette aux oubliettes ces maudits fantasmes Le poison
0%
Ma mère s'en branle du Urus, elle veut la Citroën LIF
0%
J'ai des potes qui veulent scier leurs barreaux. Avoir trop d'seum dans les veines, ça nous tue comme le poison Lumière blanche
0%
Full black, du scotch au ch'villes et aux poignets, après, il faut compter l'oseille au poids. Marché Noir, j'connais la p'tite du douanier, sa mère être l'employé du mois Ma baby
0%
Sûr qu'ils passeront pas l'hiver, vu la taille d'mes jouets. Sûr qu'ils sont v'la en galère, J't'oublie, des ennemis, j'en ai trop Ma kush
0%
Ma race, on fait la pièce, allume un briquet, impliqué si y a un ticket dans la caisse Mauvais
0%
Quoi ? Tu m'as bien r'gardé ? Qu'est-ce tu veux que j'te dise ? Qu'on va bien parce qu'il y a de la tise ? Bon, OK, on va bien Mauvais payeur
0%
J'ai beau n'faire que tourner, je n'vois qu'le bout d'mon pilon, mon canon, mon scié, mon Gris Montaigne et mon or. Une atmosphère sanglante je n'fais qu'porter des poids morts. J'peux crisper tout ton corps, on est Glocké quand on dort Météore
0%
Je ne leur accorderai pas le respect même s'ils me sucent le bâton. T'es bon, tâche de l'rester, personne ne t'aidera ni même Satan Millions
0%
Noyé dans son bas du dos, on t'a noyé, tu perds ta vie sur un blâme. Moyennant quelques euros, j'sais qu'j'aurai ta te-tê sur un plat Morpheus
0%
Triple-sept, numéro 19, S, il carbure comme un gros hazi. Que du drip, baby, tout est neuf, ta mise à mort, j'ai ma place assise Ni amour ni amitié
0%
Mieux vivre un seul jour en fauve qu'une vie entière en agneau. J'ai faim comme un rookie, appelez-moi : "Le p'tit nouveau" Offshore
0%
Cherche à trouver ton adresse, cherche à trouver deux millions. Cherche la faille dans l'dossier, on cherche les vices de procédure Parano
0%
On m'cherche, on m'trouve, j'traîne à la zone, j'sors les outils ou j'sors un album. On parle pas ensemble s'tu veux un chrome, fais pas des chichis, grimpe dans la tchop Pavel
0%
Leur sang dans ma bouteille, j'ai pas eu le temps de douter, ouais Sa grand-mère Bruce Wayne, on fait la neige dans tout Gotham. J'la nique sans connaitre son name , une demi-douzaine de calibres à ma table Paye
0%
J'suis pueblo comme FO CGT en manif' de printemps, hein. Maintenant, c'est l'argent d'la société qui paye nos vacances en été, mathafack Poupée russe
0%
Malpoli et t'as pas mon respect, comme au quartier, j'suis pas en vie Prêt a partir
0%
J'suis venu, j'ai fondu leurs projets, j'ai reçu, j'ai rendu les crochets. Rentre dans ta maison quand t'es couché, puto, on va pas voler les fauchés Solides
0%
On a des armes, on n'est plus des enfants. On tire en vrai, on ne fait pas semblant. J'vais laisser les thos-my parler dans l'vent Solvable, Partie 1
0%
Minimum : dix millions sinon, t'es pas loin d'être pauvre. Ils m'ont souhaité la mort, là, ils sont pas loin d'être chauves Super Silver haze
0%
C'est les As des As du braco, puto, les As des As des coup d'As. J'étais rien, gros, j'rêvais du magot, rajoute un zéro qu'j'te serre la mano Tiki Taka
0%
Transmission Automatique
0%
Et j'te promets la lune sinon, quelle autre life ? Cœur en plastique, Diable au regard angélique Transmission Automatique
0%
Comme un romanzo, puta, bras long comme un capo. M'serre pas la mano, j'ressemble à mon hood Vivienne Westwood
0%
Tu es parano, tu crois on est sur tes côtes, puto, tu es invisible, c'est malheureux Vivienne Westwood
0%
Pour tout réussir, mes partenaires sont fiables. Quinze piges aux assises, j'ai des reufs qui vont pas sortir XNX
0%
Aucun quiz correspondant
Distribution des résultats
% des personnes avec chaque résultat
Percentile par nombre de réponses
Votre historique - résultats
Vous n’avez pas pris ce quiz